000 00367nam a2200133Ia 4500
008 220104s9999 xx 000 0 und d
100 _aSoewitooetomo M S
245 0 _aExperiment on long term storage and long distance transportation of rubber seed
650 _aMarketing
650 _aRubber seeds
650 _aStorage
650 _aTransportation
942 _cBE
999 _c47539
_d47539